|
|
|
|
| LEADER |
00000nam0a2200000 4500 |
| 001 |
59109 |
| 005 |
20231031055912.0 |
| 010 |
|
|
|a 5060039404
|
| 035 |
|
|
|a (RuTPU)RU\TPU\book\62478
|
| 090 |
|
|
|a 59109
|
| 100 |
|
|
|a 20031219d2000 m y0rusy50 ca
|
| 101 |
0 |
|
|a rus
|
| 102 |
|
|
|a RU
|
| 105 |
|
|
|a a j 000zy
|
| 200 |
1 |
|
|a Практические занятия по математике
|e учебное пособие
|f Н. В. Богомолов
|
| 205 |
|
|
|a 5-е изд., стер.
|
| 210 |
|
|
|a Москва
|c Высшая школа
|d 2000
|
| 215 |
|
|
|a 495 с.
|c ил.
|
| 451 |
|
1 |
|0 (RuTPU)RU\TPU\book\164167
|y 978-5-06-005713-3
|t Практические занятия по математике
|o учебное пособие
|f Н. В. Богомолов
|e 11-е изд., перераб.
|c М.
|n Высшая школа
|d 2009
|p 495 с.
|a Богомолов, Николай Васильевич
|
| 451 |
|
1 |
|0 (RuTPU)RU\TPU\book\9947
|y 5060030768
|t Практические занятия по математике
|o учебное пособие
|f Н. В. Богомолов
|e 4-е изд., стереотип.
|c М.
|n Высшая школа
|d 1999
|p 494 с.
|a Богомолов, Николай Васильевич
|
| 610 |
1 |
|
|a математика
|
| 610 |
1 |
|
|a вычислительная математика
|
| 610 |
1 |
|
|a алгебра
|
| 610 |
1 |
|
|a математический анализ
|
| 610 |
1 |
|
|a системы уравнений
|
| 610 |
1 |
|
|a системы неравенств
|
| 610 |
1 |
|
|a функции
|
| 610 |
1 |
|
|a числовые последовательности
|
| 610 |
1 |
|
|a пределы
|
| 610 |
1 |
|
|a производные
|
| 610 |
1 |
|
|a тригонометрические функции
|
| 610 |
1 |
|
|a дифференциалы
|
| 610 |
1 |
|
|a неопределенные интегралы
|
| 610 |
1 |
|
|a определенные интегралы
|
| 610 |
1 |
|
|a дифференциальные уравнения
|
| 610 |
1 |
|
|a комбинаторика
|
| 610 |
1 |
|
|a теория вероятностей
|
| 610 |
1 |
|
|a геометрия
|
| 610 |
1 |
|
|a векторы
|
| 610 |
1 |
|
|a многогранники
|
| 610 |
1 |
|
|a ряды
|
| 610 |
1 |
|
|a ряды Фурье
|
| 610 |
1 |
|
|a двойные интегралы
|
| 610 |
1 |
|
|a задачи
|
| 610 |
1 |
|
|a решения
|
| 610 |
1 |
|
|a практические пособия
|
| 610 |
1 |
|
|a учебные пособия
|
| 675 |
|
|
|a 51(076)
|v 3
|
| 700 |
|
1 |
|a Богомолов
|b Н. В.
|g Николай Васильевич
|
| 801 |
|
1 |
|a RU
|b 63413507
|c 20031219
|g PSBO
|
| 801 |
|
2 |
|a RU
|b 63413507
|c 20090310
|g PSBO
|
| 900 |
|
|
|a Математика
|
| 942 |
|
|
|c BK
|
| 952 |
|
|
|a 510100
|b 030500
|